MARC details
| 000 -LEADER |
| fixed length control field |
01429cab a2200361 4500 |
| 001 - CONTROL NUMBER |
| control field |
ABS52541 |
| 008 - FIXED-LENGTH DATA ELEMENTS--GENERAL INFORMATION |
| fixed length control field |
090401t1995 xxu||||| |||| 00| 0 eng d |
| 035 ## - SYSTEM CONTROL NUMBER |
| System control number |
(Sirsi) u83918 |
| 041 ## - LANGUAGE CODE |
| Language code of text/sound track or separate title |
eng |
| 100 ## - MAIN ENTRY--PERSONAL NAME |
| Personal name |
Williams, D. |
| 245 ## - TITLE STATEMENT |
| Title |
Rent review: 1994 update |
| 260 ## - PUBLICATION, DISTRIBUTION, ETC. |
| Date of publication, distribution, etc. |
1995 |
| 350 ## - PRICE (NR) (BK AM CF MU VM SE) [OBSOLETE] |
| Price |
0 |
| 490 ## - SERIES STATEMENT |
| Series statement |
Estates Gazette |
| Volume/sequential designation |
(9511) 18 March 1995, 128-131; (9512) 25 March 199 |
| 520 ## - SUMMARY, ETC. |
| Summary, etc. |
Assesses the changes to rent review law brought about by litigation in 1994. Highlights key cases. |
| 650 ## - SUBJECT ADDED ENTRY--TOPICAL TERM |
| Topical term or geographic name entry element |
AMEGO LITHO LTD V SCANWAY LTD |
| 650 ## - SUBJECT ADDED ENTRY--TOPICAL TERM |
| Topical term or geographic name entry element |
BICKENHALL ENGINEERING CO LTD V GRANDMET RESTAURANTS |
| 650 ## - SUBJECT ADDED ENTRY--TOPICAL TERM |
| Topical term or geographic name entry element |
BRITISH RAILWAYS BOARD V MOBIL OIL CO LTD |
| 650 ## - SUBJECT ADDED ENTRY--TOPICAL TERM |
| Topical term or geographic name entry element |
CHELSEA BUILDING SOCIETY V R & A MILLETT (SHOPS) LTD |
| 650 ## - SUBJECT ADDED ENTRY--TOPICAL TERM |
| Topical term or geographic name entry element |
CO-OPERATIVE WHOLESALE SOCIETY LTD V NATWEST BANK PLC |
| 650 ## - SUBJECT ADDED ENTRY--TOPICAL TERM |
| Topical term or geographic name entry element |
COMMERCIAL UNION LIFE ASSURANCE CO LTD V WOOLWORTHS |
| 650 ## - SUBJECT ADDED ENTRY--TOPICAL TERM |
| Topical term or geographic name entry element |
COMPASS LTD V MASTER AND WARDENS OF THE GUILD OF FRATERNITY |
| 650 ## - SUBJECT ADDED ENTRY--TOPICAL TERM |
| Topical term or geographic name entry element |
GUILDFORD BC V COBB |
| 650 ## - SUBJECT ADDED ENTRY--TOPICAL TERM |
| Topical term or geographic name entry element |
HISTORIC HOUSES HOTELS LTD V CADOGAN ESTATES |
| 650 ## - SUBJECT ADDED ENTRY--TOPICAL TERM |
| Topical term or geographic name entry element |
LONDON & LEEDS ESTATES LTD V PARIBAS LTD (NO 2) |
| 650 ## - SUBJECT ADDED ENTRY--TOPICAL TERM |
| Topical term or geographic name entry element |
SOS ENVIRONMENT V EUSTON CENTRE INVESTMENTS LTD (NO 2) |
| 650 ## - SUBJECT ADDED ENTRY--TOPICAL TERM |
| Topical term or geographic name entry element |
SOS ENVIRONMENT V EUSTON CENTRE INVESTMENTS LTD |
| 650 ## - SUBJECT ADDED ENTRY--TOPICAL TERM |
| Topical term or geographic name entry element |
WORCESTER CC V A S CLARKE (WORCESTER) LTD |
| 650 ## - SUBJECT ADDED ENTRY--TOPICAL TERM |
| Topical term or geographic name entry element |
ZUBAIDA V HARGREAVES |
| 690 ## - LOCAL SUBJECT ADDED ENTRY--TOPICAL TERM (OCLC, RLIN) |
| Topical term or geographic name as entry element |
LANDLORD AND TENANT-RENT REVIEWS |
| 942 ## - ADDED ENTRY ELEMENTS (KOHA) |
| Suppress in OPAC |
0 |
| 948 ## - LOCAL PROCESSING INFORMATION (OCLC); SERIES PART DESIGNATOR (RLIN) |
| c (OCLC) |
04/03/1997 |